000 00335 a2200157 4500
001 182928
020 _a
040 _cMagnum
100 _aAlmeida, Therezinha Alves de (Coord.)
240 1 0 _aLetras que falam
_lpor
245 1 0 _aLetras que falam
300 _a105
362 0 _a1994
697 _aLITERATURA GERAL
942 _cBK
999 _c182928
_d182928